00361nam a2200133Ia 4500008004100000041000800041082001500049100002200064245003200086250001400118260005200132300003200184365001100216240624s9999 xx 000 0 und d aeng a658.15 GIT aGITMAN LAWRENCE J aPERSONAL FINANCIAL PLANNING a(9th ed.) c2002aAustraliabSouth Western Thomson Learning axxvi, : 709 : p. : cm. ; 26 cRSb30